Finefekt Príloha Hospodárskych novín
Z obsahu prílohy: Dresdner Bank zintenzívňuje pôsobenie. Slovenská kreditná banka za vlaňajšok so ziskom. Slovnaft pokračuje v dobrej tradícii. Creditanstalt po fúzii. Banková Európa sa stretne v Londýne. Lokality s inštalovaným bankomatom Všeobecnej úverovej banky, a.s.
Salvato in:
| Autore principale: | |
|---|---|
| Altri autori: | , |
| Natura: | Capitolo di libro |
| Lingua: | slovacco |
| Soggetti: | |
| Tags: |
Nessun Tag, puoi essere il primo ad aggiungerne!!
|
MARC
| LEADER | 00000naa a2200000 4500 | ||
|---|---|---|---|
| 001 | r025572 | ||
| 005 | 20230824090425.7 | ||
| 041 | 0 | |a slo | |
| 044 | |a SK | ||
| 245 | 1 | 0 | |a Finefekt |b Príloha Hospodárskych novín |c Ľudovít Hudek, E. Herzogová, M. Kuček |
| 520 | |a Z obsahu prílohy: Dresdner Bank zintenzívňuje pôsobenie. Slovenská kreditná banka za vlaňajšok so ziskom. Slovnaft pokračuje v dobrej tradícii. Creditanstalt po fúzii. Banková Európa sa stretne v Londýne. Lokality s inštalovaným bankomatom Všeobecnej úverovej banky, a.s. | ||
| 610 | 2 | 0 | |a Európa |
| 610 | 2 | 0 | |a Slovensko |
| 610 | 2 | 0 | |a 1997 |
| 610 | 2 | 0 | |a Dresdner Bank |
| 610 | 2 | 0 | |a Creditanstalt |
| 610 | 2 | 0 | |a financie |
| 610 | 2 | 0 | |a banky |
| 610 | 2 | 0 | |a bankomaty |
| 100 | 1 | |a Hudek, Ľudovít | |
| 700 | 1 | |a Herzogová, Emília | |
| 700 | 1 | |a Kuček, M. | |